Física Vectorial 2 2015 (Registro nro. 2022)
[ vista simple ]
| 000 -LEADER | |
|---|---|
| fixed length control field | 00575nam a22002177a 4500 |
| 003 - CONTROL NUMBER IDENTIFIER | |
| control field | OSt |
| 005 - DATE AND TIME OF LATEST TRANSACTION | |
| control field | 20260312111130.0 |
| 008 - FIXED-LENGTH DATA ELEMENTS--GENERAL INFORMATION | |
| fixed length control field | 260312b |||||||| |||| 00| 0 SPA d |
| 020 ## - INTERNATIONAL STANDARD BOOK NUMBER | |
| International Standard Book Number | 978-99421118-7 |
| 035 ## - SYSTEM CONTROL NUMBER | |
| System control number | 978-99421118-7 |
| 082 ## - DEWEY DECIMAL CLASSIFICATION NUMBER | |
| Edition number | 978-99421118-7 |
| 100 ## - MAIN ENTRY--PERSONAL NAME | |
| Personal name | VALLEJO-ZAMBRANO |
| 245 ## - TITLE STATEMENT | |
| Title | Física Vectorial 2 2015 |
| 250 ## - EDITION STATEMENT | |
| Edition statement | 10cima |
| Remainder of edition statement | 2015 |
| 300 ## - PHYSICAL DESCRIPTION | |
| Extent | 246 pag |
| Other physical details | 15,5x21 cm |
| 520 ## - SUMMARY, ETC. | |
| Summary, etc. | Matemáticas en la escuela primaria Libros de texto |
| 650 ## - SUBJECT ADDED ENTRY--TOPICAL TERM | |
| Source of heading or term | Dinámica Rotacional |
| 651 ## - SUBJECT ADDED ENTRY--GEOGRAPHIC NAME | |
| Source of heading or term | Movimiento Lineal |
| 654 ## - SUBJECT ADDED ENTRY--FACETED TOPICAL TERMS | |
| Source of heading or term | Potencia |
| 942 ## - ADDED ENTRY ELEMENTS (KOHA) | |
| Source of classification or shelving scheme | Dewey Decimal Classification |
| Koha item type | Libros |
| Suppress in OPAC | No |
| Withdrawn status | Lost status | Source of classification or shelving scheme | Damaged status | Not for loan | Collection | Home library | Current library | Shelving location | Date acquired | Inventory number | Total checkouts | Full call number | Barcode | Date last seen | Copy number | Koha item type |
|---|---|---|---|---|---|---|---|---|---|---|---|---|---|---|---|---|
| Dewey Decimal Classification | Estantería E Fila2 | Biblioteca Stanford | Biblioteca Stanford | Biblioteca Cerrada | 08.10.2025 | FISI0370 | FISICA | FISI0370 | 12.03.2026 | 1 | Libros |